banner koha

Classificação fisiológica de sementes de maçaranduba quanto a tolerância à dessecação e ao armazenamento (Registro n. 332031)

MARC details
000 -LÍDER
fixed length control field 03100nab a2200313 i 4500
003 - CÓDIGO MARC DA AGÊNCIA CATALOGADORA
Campo de controle BR-BrBNA
005 - DATA E HORA DA ÚLTIMA ATUALIZAÇÃO
Campo de controle 20250611164619.0
008 - CAMPO DE TAMANHO FIXO
fixed length control field 250611b2019 bl.ar|pooa||| 00| 0 por |
040 ## - FONTE DA CATALOGAÇÃO
Agência catalogadora BR-BrBNA
Idioma da catalogação por
072 ## - CATEGORIA AGRIS
Código AGRIS K10
Código do objeto 3575
072 ## - CATEGORIA AGRIS
Código AGRIS J12
100 ## - ENTRADA PRINCIPAL - NOME PESSOAL
Nome pessoal Barros, Hellen Síglia Demétrio
100 ## - ENTRADA PRINCIPAL - NOME PESSOAL
Nome pessoal Cruz, Eniel David
100 ## - ENTRADA PRINCIPAL - NOME PESSOAL
Nome pessoal Pereira, Adriano Gonçalves
100 ## - ENTRADA PRINCIPAL - NOME PESSOAL
Nome pessoal Silva, Edvaldo Aparecido Amaral da
245 ## - TÍTULO PRINCIPAL
Título principal Classificação fisiológica de sementes de maçaranduba quanto a tolerância à dessecação e ao armazenamento
500 ## - NOTA GERAL
Nota geral <br/><br/>Publicação online; 24 ref.; 2 tables; Summaries (En, Pt)
942 ## - ADDED ENTRY ELEMENTS (KOHA)
Koha item type Analítica
520 ## - NOTA DE RESUMO
Nota de conteúdo <br/><br/><br/>RESUMO: A demanda por sementes florestais nativas vem crescendo, devido a produção de mudas que visam recuperar áreas abandonadas, degradadas e de reflorestamento, tornando-se imprescindível conhecer o comportamento dessas sementes quanto a tolerância à dessecação e armazenamento, visando sua conservação. O objetivo do trabalho foi classificar as sementes de Manilkara huberi quanto à tolerância à dessecação e ao comportamento no armazenamento. Após o beneficiamento das sementes, foram determinados os teores de água das sementes recém-beneficiadas e submetidas ao processo de secagem, seguidos pelos testes de germinação. De acordo com os resultados, conclui-se que as sementes de M. huberi são classificadas como recalcitrantes, por não tolerarem o processo de secagem e o armazenamento em baixas temperaturas. A espécie M. huberi pertence ao grupo de espécies clímax.<br/><br/><br/>PALAVRAS-CHAVE: Conservação de germoplasma, Secagem de sementes, Sensibilidade à dessecação
520 ## - NOTA DE RESUMO
Nota de conteúdo <br/><br/><br/>ABSTRACT: The demand for native forest seeds has been increasing due to the production of seedlings, used in the recovery of abandoned and degraded areas, as well as reforestation zones. To properly conserve these seeds, however, one needs to understand their tolerance to desiccation and storage. Thus, the objective of this work was to classify Manilkara huberi seeds regarding desiccation tolerance and storage behavior. After processing and water content determination of the newly harvested seeds, they were submitted to the drying process, followed by germination tests. According to the results, it is concluded that the seeds of M. huberi are classified as recalcitrant because they do not tolerate the drying process and the storage at low temperatures. The species M. huberi belongs to the group of climax species. <br/><br/><br/>KEYWORDS: Germoplasm conservation, Seed drying, Desiccation sensitivity
650 ## - ASSUNTO - THESAGRO
Cabeçalho tópico ou nome geográfico MAÇARANDUBA
650 ## - ASSUNTO - THESAGRO
Cabeçalho tópico ou nome geográfico SEMENTE FLORESTAL
650 ## - ASSUNTO - THESAGRO
Cabeçalho tópico ou nome geográfico ARMAZENAMENTO
650 ## - ASSUNTO - THESAGRO
Cabeçalho tópico ou nome geográfico SECAGEM
650 ## - ASSUNTO - THESAGRO
Cabeçalho tópico ou nome geográfico TEMPERATURA
773 0# - ENTRADA ANALÍTICA
Host Biblionumber 3551
Registro do item 345997
Imprenta Belém-PA Faculdade de Ciências Agrárias do Pará 1999
Outro identificador 2024-6646
Título Revista de Ciências Agrárias (Brazil)
ISSN 1517-591X Impresso/Versão online ISSN 2177-8760
Colação v. 62 p. 1-5; (2019)
Número de controle de registro BR2025001491
856 ## - ACESSO E ENDEREÇO ELETRÔNICO
Identificador uniforme de recurso - URI https://ajaes.ufra.edu.br/index.php/ajaes/article/view/2949/1546

Nenhum exemplar disponível.

BINAGRI

Telefone: (61)3218-2567/2388/3357/2097 - binagri@agro.gov.br

Ministério da Agricultura e Pecuária , Esplanada dos Ministérios, Bloco D, Anexo B, Brasília/DF, CEP: 70.043-900